| 000 | 00405nam a2200145 4500 | ||
|---|---|---|---|
| 001 | 110163 | ||
| 003 | ES-MaACL | ||
| 007 | t| | ||
| 008 | 061121s1952 sp r ||||1| spa d | ||
| 100 | 1 |
_aOcaña, Pedro S. _986458 |
|
| 245 | 1 | 0 |
_aMisterioso sentido del hombre / _cPedro S. Ocaña. |
| 260 |
_aBarcelona : _bEra Nova, _c1952. |
||
| 300 |
_a164 p. : _bil. ; _c21 cm. |
||
| 852 |
_aES-MaACL _jC-5778 _bR.34091 |
||
| 999 |
_c110163 _d110163 |
||